O macaco e a mola (Record no. 193053)

MARC details
000 -LÍDER
campo de controle de tamanho fixo 00334 a2200157 4500
001 - NÚMERO DE CONTROLE
campo de controle 193053
020 ## - ISBN - INTERNATIONAL STANDARD BOOK NUMBER
ISBN - International Standard Book Number 978-85-08-11335-4
040 ## - FONTE DA CATALOGAÇÃO
Instituição que transcreveu o registro Magnum
100 ## - ENTRADA PRINCIPAL--NOME PESSOAL
Nome pessoal Junqueira, Sonia
240 10 - TÍTULO UNIFORME
Título uniforme O macaco e a mola
Idioma da obra por
245 10 - TÍTULO
Título O macaco e a mola
300 ## - DESCRIÇÃO FÍSICA
Extensão 24
362 0# - DATAS DE PUBLICAÇÃO E/OU DESIGNAÇÃO SEQUENCIAL
Datas de publicação e/ou designação sequencial 2017
697 ## - ENTRADA DE ASSUNTO LOCAL--ENTIDADE COLETIVA (RLIN)
Nome corporativo ou nome da jurisdição LITERATURA INFANTIL
942 ## - ELEMENTOS DE ENTRADA ADICIONADOS (KOHA)
Tipo de material Koha Livros
Holdings
Situação do descarte Situação das perdas Situação física Não pode ser emprestado Biblioteca de origem Biblioteca atual Data de aquisição Total de empréstimos Código de barras Data de último acesso Data do preço efetivo Tipo de material Koha Número de chamada completo
        Magnum Magnum 08/06/2024   MAG00071986 08/06/2024 08/06/2024 Livros  
        Magnum Magnum 08/06/2024   MAG00076675 08/06/2024 08/06/2024 Livros 869.0.1476
        Magnum Magnum 08/06/2024   MAG00076676 08/06/2024 08/06/2024 Livros 869.0.1476
        Magnum Magnum 08/06/2024   MAG00076677 08/06/2024 08/06/2024 Livros 869.0.1476
        Magnum Magnum 08/06/2024   MAG00076678 08/06/2024 08/06/2024 Livros 869.0.1476
        Magnum Magnum 08/06/2024   MAG00076679 08/06/2024 08/06/2024 Livros 869.0.1476
        Magnum Magnum 08/06/2024   MAG00076680 08/06/2024 08/06/2024 Livros 869.0.1476